| 000 | 00767cam a2200157 4500500 | ||
|---|---|---|---|
| 005 | 20260201095456.0 | ||
| 041 | _afre | ||
| 042 | _adc | ||
| 100 | 1 | 0 |
_aWeydert, Jean _eauthor |
| 245 | 0 | 0 | _aCERI, Guy Hermet, Ali Kazancigil, Jean-François Prudhomme (dir.), La gouvernance : un concept et ses applications, Ed. Karthala, Recherches internationales, 2005, 228 p., sans indication de prix |
| 260 | _c2005. | ||
| 500 | _a87 | ||
| 520 | _aResumé Dans la quête de justice, il y a une temsion entre les aspirations à l’exactitude et une reconnaissance plus fondamentale et gratuite. | ||
| 786 | 0 | _nRevue Projet | 289 | 6 | 2005-06-01 | p. 091c-92c | 0033-0884 | |
| 856 | 4 | 1 | _uhttps://shs.cairn.info/revue-projet-2005-6-page-091c?lang=fr&redirect-ssocas=7080 |
| 999 |
_c1640851 _d1640851 |
||